| 000 | 00897naa a2200265 c 4500 | ||
|---|---|---|---|
| 001 | 29629 | ||
| 003 | ES-MaCES | ||
| 005 | 19981124152000.0 | ||
| 008 | 960527n1995 sp ||| | spa d | ||
| 035 | _aCES19980035738v | ||
| 040 |
_aES-MaCES _bspa _cES-MaCES |
||
| 100 | 1 |
_aGarcía Tabuenca, Antonio _913083 |
|
| 245 | 1 | 4 |
_aUna política de Pymes para España _cAntonio García Tabuenca |
| 504 | _aBibliografía: p. 495 | ||
| 610 | 2 | 4 |
_aInstituto de la Pequeña y Mediana Empresa (España) _94193 |
| 650 | 4 |
_adescentralización _927218 |
|
| 650 | 4 |
_apolítica industrial _927627 |
|
| 650 | 4 |
_apequeña empresa _930173 |
|
| 650 | 4 |
_aEspaña _926964 |
|
| 653 | 1 | 0 | _aEmpresa |
| 773 | 0 |
_tEconomistas _gMadrid. - Año 13, n. 64 extraordinario (1995) ; p. 491-495 _w(ES-MaCES)25299 |
|
| 902 | _aART Artículo de revista | ||
| 942 |
_2CES _cAR _h0.0. |
||
| 999 |
_c29629 _d29629 |
||